The mystery of capital : why capitalism triumphs in the West and fails everywhere.
محفوظ في:
| المؤلف الرئيسي: | |
|---|---|
| التنسيق: | كتاب |
| اللغة: | الإنجليزية |
| منشور في: |
NY, Park Avenue South :
Basic Books,
c2000.
|
| الموضوعات: | |
| الوسوم: |
لا توجد وسوم, كن أول من يضع وسما على هذه التسجيلة!
|
MARC
| LEADER | 00000cam a22000002 4500 | ||
|---|---|---|---|
| 001 | 0000001044 | ||
| 005 | 20171002025251.0 | ||
| 008 | 081002s xx 000 0 eng d | ||
| 020 | |a 9780465016150 : | ||
| 035 | |a (Daystar)0000042655 | ||
| 040 | |a Daystar |d Poriedo | ||
| 100 | 1 | |a Sato, Hernado de. | |
| 245 | 1 | 4 | |a The mystery of capital : |b why capitalism triumphs in the West and fails everywhere. |
| 260 | |a NY, Park Avenue South : |b Basic Books, |c c2000. | ||
| 300 | |a 275 p : |b ill. | ||
| 504 | |a Includes bibliographical references and index. | ||
| 541 | |a Regent |c Purchase |d July, 2008 | ||
| 650 | 0 | |a Capitalism. | |
| 787 | 1 | |m TBL. | |
| 908 | |a 110119 | ||
| 942 | |c TBL | ||
| 952 | |0 0 |1 0 |4 0 |6 HB_501_000000000000000_S778 |7 0 |9 105806 |a DUA |b DUA |c TBL |d 2017-09-28 |g 2040.00 |l 0 |o TBL HB501.S778 |p BK067766 |r 2017-09-28 00:00:00 |w 2017-09-28 |y TBL | ||
| 952 | |0 0 |1 0 |4 0 |6 HB_501_000000000000000_S778 |7 0 |9 105807 |a DUA |b DUA |c TBL |d 2017-09-28 |g 2041.00 |l 0 |o TBL HB501.S778 |p BK067316 |r 2017-09-28 00:00:00 |w 2017-09-28 |y TBL | ||
| 952 | |0 0 |1 0 |4 0 |6 HB_501_000000000000000_S778 |7 0 |9 105808 |a DUA |b DUA |c TBL |d 2017-09-28 |g 2042.00 |l 0 |o TBL HB501.S778 |p BK067286 |r 2017-09-28 00:00:00 |w 2017-09-28 |y TBL | ||
| 952 | |0 0 |1 0 |4 0 |6 HB_501_000000000000000_S778 |7 0 |9 105809 |a DUA |b DUA |c TBL |d 2017-09-28 |g 2043.00 |l 0 |o TBL HB501.S778 |p BK067349 |r 2017-09-28 00:00:00 |w 2017-09-28 |y TBL | ||
| 952 | |0 0 |1 0 |4 0 |6 HB_501_000000000000000_S778 |7 0 |9 105810 |a DUA |b DUA |c TBL |d 2017-09-28 |g 2044.00 |l 0 |o TBL HB501.S778 |p BK067763 |r 2017-09-28 00:00:00 |w 2017-09-28 |y TBL | ||
| 952 | |0 0 |1 0 |4 0 |6 HB_501_000000000000000_S778 |7 0 |9 105811 |a DUN |b DUN |c TBL |d 2017-09-28 |g 2045.00 |l 0 |o TBL HB501.S778 |p BK067346 |r 2017-09-28 00:00:00 |w 2017-09-28 |y TBL | ||
| 952 | |0 0 |1 0 |4 0 |6 HB_501_000000000000000_S778 |7 0 |9 105812 |a DUN |b DUN |c TBL |d 2017-09-28 |g 2046.00 |l 0 |o TBL HB501.S778 |p BK067343 |r 2017-09-28 00:00:00 |w 2017-09-28 |y TBL | ||
| 952 | |0 0 |1 0 |4 0 |6 HB_501_000000000000000_S778 |7 0 |9 105813 |a DUN |b DUN |c TBL |d 2017-09-28 |g 2047.00 |l 0 |o TBL HB501.S778 |p BK067313 |r 2017-09-28 00:00:00 |w 2017-09-28 |y TBL | ||
| 952 | |0 0 |1 0 |4 0 |6 HB_501_000000000000000_S778 |7 0 |9 105814 |a DUN |b DUN |c TBL |d 2017-09-28 |g 2048.00 |l 0 |o TBL HB501.S778 |p BK067283 |r 2017-09-28 00:00:00 |w 2017-09-28 |y TBL | ||
| 952 | |0 0 |1 0 |4 0 |6 HB_501_000000000000000_S778 |7 0 |9 105815 |a DUN |b DUN |c TBL |d 2017-09-28 |g 2049.00 |l 0 |o TBL HB501.S778 |p BK067253 |r 2017-09-28 00:00:00 |w 2017-09-28 |y TBL | ||
| 999 | |c 42727 |d 42727 | ||